5HLuxD.jpg

KING HENRY VIII SENIOR AND PRIMARY SCHOOL LIBRARY OPAC

A FARAWAY TREE ADVENTURE (Record no. 4725)

000 -LEADER
fixed length control field 00225nam a22000977a 4500
008 - FIXED-LENGTH DATA ELEMENTS--GENERAL INFORMATION
fixed length control field 250312b ||||| |||| 00| 0 eng d
020 ## - INTERNATIONAL STANDARD BOOK NUMBER
International Standard Book Number KHPL000006140
100 ## - MAIN ENTRY--PERSONAL NAME
Personal name BLYTON,GUID
245 ## - TITLE STATEMENT
Title A FARAWAY TREE ADVENTURE
942 ## - ADDED ENTRY ELEMENTS (KOHA)
Source of classification or shelving scheme
Holdings
Withdrawn status Lost status Source of classification or shelving scheme Damaged status Not for loan Collection code Permanent Location Current Location Shelving location Date acquired Total Checkouts Full call number Barcode Date last seen Date last checked out Price effective from Koha item type Public note
          Fiction KH8 Primary School Library KH8 Primary School Library Fiction 2025-03-12 5 FIC BLY KHPL000006140 2026-02-25 2026-02-11 2025-03-12 Books - Fiction KH8 PRIMARY LIBRARY

Powered By KH8 IT Dept